Designers' guide to EN 1993-2 : eurocode 3 : design of steel structures : Part 2. Steel bridges (Record no. 9806)

000 -LEADER
fixed length control field 00410nam a2200145Ia 4500
003 - CONTROL NUMBER IDENTIFIER
control field OSt
005 - DATE AND TIME OF LATEST TRANSACTION
control field 20220302182453.0
008 - FIXED-LENGTH DATA ELEMENTS--GENERAL INFORMATION
fixed length control field 220112s9999||||xx |||||||||||||| ||und||
020 ## - INTERNATIONAL STANDARD BOOK NUMBER
International Standard Book Number 9780727731609
100 ## - MAIN ENTRY--PERSONAL NAME
Personal name Hendy, C. R. (Chris R.)
245 #0 - TITLE STATEMENT
Title Designers' guide to EN 1993-2 : eurocode 3 : design of steel structures : Part 2. Steel bridges
700 ## - ADDED ENTRY--PERSONAL NAME
Personal name Murphy, C. J
700 ## - ADDED ENTRY--PERSONAL NAME
Personal name Hendy, C. R
942 ## - ADDED ENTRY ELEMENTS (KOHA)
Source of classification or shelving scheme
Holdings
Withdrawn status Lost status Source of classification or shelving scheme Damaged status Koha normalized classification for sorting Not for loan Permanent location Current location Date acquired Source of acquisition Cost, normal purchase price Full call number Barcode Date last seen Cost, replacement price Price effective from Koha item type
        693_710000000000000_HEN   BMS College of Architecture, Design and Planning BMS College of Architecture, Design and Planning 2022-03-02 4 10919.63 693.71 HEN AR-UG2389 2022-03-02 14559.50 2022-03-02 UG Books
Copyright © 2025, The Librarian, Library and Information Centre, BMSCA D&P, Bengaluru. All Rights Reserved
web counter

Powered by Koha